| 000 | 00469nam a2200157Ia 4500 | ||
|---|---|---|---|
| 003 | OSt | ||
| 005 | 20200723124931.0 | ||
| 008 | 190216s9999||||xx |||||||||||||| ||und|| | ||
| 040 | _coclc | ||
| 082 |
_a342.54029 _bSHA/C |
||
| 100 |
_aSharma, Ram _91946 |
||
| 245 | 2 |
_aA Constitutional History Of India / _cRam Sharma |
|
| 260 |
_bMacmillan And Company, _aBombay: _c1955. |
||
| 300 | _a342p | ||
| 942 |
_cBK _2ddc _h342.54029 _iSHA/C _k342.54029 _mSHA/C |
||
| 999 |
_c18677 _d18677 |
||